00242nam a2200097Ia 4500008004100000100002300041245002600064260003800090300000800128650000800136191201s1997 xx 000 0 und d aLALIT KALA ACADEMI 0aNinth Triennale-India aN.DelhibLalit Kala Academyc1997 a246 aMBA